000
00316nam a2200121Ia 4500
008
220204s9999 xx 000 0 und d
082
_a
681.3(03)
_b
MAY
100
_a
Maynard, Jeff
245
0
_a
Dictionary of data processing
260
_a
London
_b
Newnes-Butterworths
_c
1975
650
_a
Data processing
942
_c
BK
999
_c
27092
_d
27092